Ilyās Abū Shabakah, (Record no. 48830)

MARC details
000 -LEADER
fixed length control field 00676cam a22002291 4500
001 - CONTROL NUMBER
control field ne 66000781
003 - CONTROL NUMBER IDENTIFIER
control field DLC
005 - DATE AND TIME OF LATEST TRANSACTION
control field 20260227111822.0
008 - FIXED-LENGTH DATA ELEMENTS--GENERAL INFORMATION
fixed length control field 880610s1965 le b 000 0 arar
010 ## - LIBRARY OF CONGRESS CONTROL NUMBER
LC control number ne 66000781
035 ## - SYSTEM CONTROL NUMBER
System control number (OCoLC)18068865
040 ## - CATALOGING SOURCE
Original cataloging agency DLC
Transcribing agency WaU
Modifying agency MiU
-- CU
-- DLC
042 ## - AUTHENTICATION CODE
Authentication code premarc
050 00 - LIBRARY OF CONGRESS CALL NUMBER
Classification number PJ7808.S48
Item number Z87
100 1# - MAIN ENTRY--PERSONAL NAME
Personal name Sharārah, ʻAbd al-Latīf.
245 00 - TITLE STATEMENT
Title Ilyās Abū Shabakah,
Remainder of title dirāsah taḥlīlīyah.
Statement of responsibility, etc. Bi-qalam ʻAbd al-Laṭīf Sharārah.
260 ## - PUBLICATION, DISTRIBUTION, ETC.
Place of publication, distribution, etc. Bayrūt,
Name of publisher, distributor, etc. Dār Ṣādir,
Date of publication, distribution, etc. 1965.
300 ## - PHYSICAL DESCRIPTION
Extent 237 p.
440 #0 - SERIES STATEMENT/ADDED ENTRY--TITLE
Title Shuʻarāʼunā,
Volume/sequential designation 10
504 ## - BIBLIOGRAPHY, ETC. NOTE
Bibliography, etc. note Bibliography: p.63.
600 20 - SUBJECT ADDED ENTRY--PERSONAL NAME
Personal name Abū Shabakah, Ilyās,
Dates associated with a name 1904-1947.

No items available.

Powered by Koha